[Event "18th Charleroi Open-A 2019"]
[Site "Charleroi"]
[Date "2019.08.03"]
[Round "9.32"]
[White "Lui, Eric"]
[Black "Verhalle, Elias"]
[Result "0-1"]
[WhiteElo "1884"]
[BlackElo "1983"]
[Annotator "NA"]
[PlyCount "120"]
[EventDate "2019.07.22"]
[EventType "swiss"]
[EventCountry "BEL"]
[SourceTitle "playchess.com"]
[Source "ChessBase"]
[SourceQuality "1"]
[TimeControl "40/5400+30:1800+30"]

1. e4 {[%emt 0:00:00]} d6 {[%emt 0:00:50]} 2. d4 {[%emt 0:00:00]} Nf6 {[%emt 0:00:30]} 3. Nc3 {[%emt 0:00:00]} e5 {[%emt 0:00:05]} 4. Nf3 {[%emt 0:00:09]} exd4 {[%emt 0:00:14]} 5. Nxd4 {[%emt 0:00:40]} Be7 {[%emt 0:00:09]} 6. Be2 {[%emt 0:11:15]} O-O {[%emt 0:00:10]} 7. O-O {[%emt 0:00:29]} Re8 {[%emt 0:00:07]} 8. Re1 {[%emt 0:03:17]} c5 {[%emt 0:13:20]} 9. Nf3 {[%emt 0:04:20]} Nc6 {[%emt 0:00:42]} 10. h3 {[%emt 0:11:40]} a6 {[%emt 0:06:24]} 11. a4 {[%emt 0:03:11]} h6 {[%emt 0:13:53]} 12. Bf1 {[%emt 0:02:51]} Be6 {[%emt 0:00:40]} 13. Nd5 {[%emt 0:05:48]} Bf8 {[%emt 0:09:09]} 14. c3 {[%emt 0:02:52]} g5 {[%emt 0:06:49]} 15. g3 {[%emt 0:17:24]} Bxd5 {[%emt 0:03:55]} 16. exd5 {[%emt 0:00:30]} Rxe1 {[%emt 0:00:07]} 17. Nxe1 {[%emt 0:00:31]} Ne5 {[%emt 0:03:27]} 18. Nf3 {[%emt 0:02:49]} Qe7 {[%emt 0:06:22]} 19. Be3 {[%emt 0:03:34]} Re8 {[%emt 0:01:37]} 20. Rb1 {[%emt 0:01:05]} Ne4 {[%emt 0:05:08]} 21. Nxe5 {[%emt 0:08:27]} Qxe5 {[%emt 0:00:10]} 22. g4 {[%emt 0:01:10]} f5 {[%emt 0:03:04]} 23. gxf5 {[%emt 0:01:31]} Qxf5 {[%emt 0:00:25]} 24. c4 {[%emt 0:01:09]} Bg7 {[%emt 0:01:35]} 25. Qg4 {[%emt 0:01:31]} Qxg4+ 26. hxg4 {[%emt 0:00:08]} Nf6 {[%emt 0:11:00]} 27. b4 {[%emt 0:04:29]} Nxg4 {[%emt 0:00:23]} 28. bxc5 {[%emt 0:00:36]} Nxe3 29. fxe3 {[%emt 0:00:28]} dxc5 {[%emt 0:01:33]} 30. Rxb7 {[%emt 0:02:56]} Rxe3 {[%emt 0:00:53]} 31. d6 {[%emt 0:01:17]} Bd4 {[%emt 0:04:14]} 32. d7 {[%emt 0:03:20]} Re8+ {[%emt 0:00:28]} 33. Kh1 {[%emt 0:00:37]} Rd8 {[%emt 0:02:27]} 34. Bh3 {[%emt 0:02:54]} h5 {[%emt 0:00:04]} 35. Rc7 {[%emt 0:01:32]} g4 {[%emt 0:00:09]} 36. Rc8 {[%emt 0:01:10]} Bf6 {[%emt 0:00:05]} 37. Bg2 {[%emt 0:00:29]} Be7 {[%emt 0:02:28]} 38. Bb7 {[%emt 0:01:03]} a5 {[%emt 0:01:13]} 39. Bc6 {[%emt 0:01:01]} Kg7 {[%emt 0:01:58]} 40. Kg2 {[%emt 0:00:34]} h4 {[%emt 0:02:05]} 41. Kf2 {[%emt 0:07:25]} Kf6 {[%emt 0:00:57]} 42. Ke3 {[%emt 0:01:44]} Ke5 {[%emt 0:00:09]} 43. Rxd8 {[%emt 0:03:15]} Bxd8 {[%emt 0:00:37]} 44. Bd5 {[%emt 0:00:30]} Bg5+ {[%emt 0:00:17]} 45. Kf2 {[%emt 0:00:09]} Kf4 {[%emt 0:00:10]} 46. Kg2 {[%emt 0:01:17]} h3+ {[%emt 0:01:04]} 47. Kh2 {[%emt 0:00:15]} Kf5 {[%emt 0:05:28]} 48. Kg3 {[%emt 0:05:55]} Bf4+ {[%emt 0:00:12]} 49. Kf2 {[%emt 0:02:52]} Bc7 {[%emt 0:00:06]} 50. d8=Q {[%emt 0:01:11]} Bxd8 {[%emt 0:00:13]} 51. Bc6 {[%emt 0:00:31]} Kf4 {[%emt 0:00:48]} 52. Bd7 {[%emt 0:00:41]} Bf6 {[%emt 0:01:04]} 53. Kg1 {[%emt 0:00:53]} Bd4+ {[%emt 0:00:33]} 54. Kh2 {[%emt 0:01:21]} Kg5 {[%emt 0:02:30]} 55. Be6 {[%emt 0:03:51]} Kh4 {[%emt 0:00:21]} 56. Kh1 {[%emt 0:00:11]} Bc3 {[%emt 0:01:12]} 57. Kg1 {[%emt 0:01:27]} g3 {[%emt 0:00:18]} 58. Bd5 {[%emt 0:00:35]} g2 {[%emt 0:00:33]} 59. Kh2 {[%emt 0:00:51]} Be5+ {[%emt 0:00:18]} 60. Kg1 {[%emt 0:00:11]} Bd4+ {[%emt 0:00:09]} 0-1